Материалы по статистике и организации взаимного земского перестрахования имуществ от огня: [журнал]

التفاصيل البيبلوغرافية
الملخص:С 1912 года издается в Москве
Издание губернских земств, участвующих во взаимном земском перестраховании
اللغة:الروسية
منشور في: Рязань, Типография Н. В. Любомудрова, 1908-1916
سلاسل:Взаимное земское перестрахование имуществ от огня
الموضوعات:
التنسيق: MixedMaterials دورية
KOHA link:https://koha.lib.tpu.ru/cgi-bin/koha/opac-detail.pl?biblionumber=379631

MARC

LEADER 00000nas1a2200000 4500
001 379631
005 20231102013110.0
035 |a (RuTPU)RU\TPU\prd\12 
035 |a PERI00000012 
090 |a 379631 
100 |a 20011210b19081916k y0rusy50 ca 
101 0 |a rus 
102 |a RU 
110 |a akai|||0uu0 
200 1 |a Материалы по статистике и организации взаимного земского перестрахования имуществ от огня  |e [журнал] 
210 |a Рязань  |c Типография Н. В. Любомудрова  |d 1908-1916 
225 1 |a Взаимное земское перестрахование имуществ от огня 
300 |a С 1912 года издается в Москве 
300 |a Издание губернских земств, участвующих во взаимном земском перестраховании 
326 |a ежегодно 
517 1 |a Материалы по статистике и организации взаимнаго земскаго перестрахования имуществ от огня 
606 1 |a Страхование  |x История  |2 stltpush  |3 (RuTPU)RU\TPU\subj\36985  |9 58165 
610 1 |a статистика 
610 1 |a страхование 
610 1 |a земства 
686 |a У9(2)271  |2 rubbk 
801 2 |a RU  |b 63413507  |c 20141011  |g RCR 
801 2 |a RU  |b 63413507  |c 20190806  |g RCR 
942 |c CR